[Event "CAN-ch U10"]
[Site "Windsor"]
[Date "2015.07.07"]
[Round "3.110"]
[White "Eirew, David"]
[Black "Postupaylo, Daniel"]
[Result "1-0"]
[WhiteElo "556"]
[BlackElo "660"]
[PlyCount "63"]
[EventDate "2015.07.06"]
[EventType "swiss"]
[EventRounds "7"]
[EventCountry "CAN"]
[SourceTitle "EXT 2022"]
[Source "ChessBase"]
[SourceDate "2021.10.06"]
[SourceVersion "1"]
[SourceVersionDate "2021.10.06"]
[SourceQuality "1"]

1. e4 Nc6 2. Nc3 Nh6 3. d4 e6 4. Bc4 Rg8 5. Nf3 Nxd4 6. Nxd4 c6 7. Nf3 a6 8. 0-0 Be7 9. Bf4 b5 10. Be2 f6 11. e5 fxe5 12. Nxe5 d6 13. Bh5+ g6 14. Nxc6 Qc7 15. Nxe7 gxh5 16. Nxg8 Nxg8 17. Bxd6 Qc6 18. Qd2 Ra7 19. Rad1 Rd7 20. Qf4 Rxd6 21. Rxd6 Ke7 22. Rxc6 Bb7 23. Qd6+ Kf6 24. Qxe6+ Kg5 25. Qxg8+ Kf5 26. Qxh7+ Ke5 27. Rc5+ Kd6 28. Qc7+ Ke6 29. Qb6+ Ke7 30. Rc7+ Ke8 31. Qxb7 Kd8 32. Rc8# 1-0

[Event "CAN-ch U10"]
[Site "Windsor"]
[Date "2015.07.07"]
[Round "2.105"]
[White "Postupaylo, Daniel"]
[Black "Imoo, Joshua"]
[Result "0-1"]
[WhiteElo "660"]
[BlackElo "1125"]
[PlyCount "40"]
[EventDate "2015.07.06"]
[EventType "swiss"]
[EventRounds "7"]
[EventCountry "CAN"]
[SourceTitle "EXT 2022"]
[Source "ChessBase"]
[SourceDate "2021.10.06"]
[SourceVersion "1"]
[SourceVersionDate "2021.10.06"]
[SourceQuality "1"]

1. e4 e6 2. Bc4 d5 3. Nh3 dxc4 4. Nf4 Nc6 5. Kf1 Nf6 6. f3 e5 7. Nh3 Bxh3 8. gxh3 Qd7 9. Ke1 Qxh3 10. Qe2 Nd4 11. Nc3 Nxe2 12. Kxe2 Qg2+ 13. Ke1 Qxh1+ 14. Kf2 Bc5+ 15. Kg3 Qg1+ 16. Kh3 0-0-0 17. Nb5 a6 18. Nc3 Rd6 19. d4 Nxe4 20. fxe4 Rh6+ 0-1